| 000 | 00429nam a2200181Ia 4500 | ||
|---|---|---|---|
| 001 | 10726 | ||
| 005 | 20260306161853.0 | ||
| 008 | 260306t1974||||xx |||||||||||||| ||spa|| | ||
| 041 | _aESP | ||
| 082 |
_a946.1 _bJ13 |
||
| 100 |
_aJackson, Gabriel _eAUT |
||
| 245 | 0 | _aIntroducción a la España medieval | |
| 260 | _c1974 | ||
| 300 |
_a166 páginas : _c18 cm. |
||
| 650 | _aGEN | ||
| 654 | _aCHU | ||
| 942 |
_cLIB _dJUS _fJUS _2ddc _n |
||
| 999 |
_c10726 _d10726 |
||